[Event "SRB-chT3 North CS"]
[Site "Sabac"]
[Date "2014.10.02"]
[Round "1.5"]
[White "Jovcic, Zoran"]
[Black "Dobric, Rodoljub"]
[Result "1/2-1/2"]
[WhiteElo "2123"]
[BlackElo "2108"]
[PlyCount "61"]
[EventDate "2014.10.02"]
[EventType "team-swiss"]
[EventRounds "6"]
[EventCountry "SRB"]
[SourceTitle "EXT 2021"]
[Source "ChessBase"]
[SourceDate "2020.10.23"]
[SourceVersion "1"]
[SourceVersionDate "2020.10.23"]
[SourceQuality "1"]

1. e4 e6 2. d4 d5 3. Nc3 Nf6 4. exd5 exd5 5. Bd3 Bb4 6. Nge2 0-0 7. 0-0 c6 8. h3 b6 9. Bg5 Be7 10. Ng3 Ne8 11. Bxe7 Qxe7 12. Re1 Qf6 13. Re3 g6 14. Nce2 Nd6 15. Rf3 Qh4 16. Rf4 Qe7 17. Qd2 Ba6 18. Rf3 Bxd3 19. Rxd3 Nd7 20. b3 Rae8 21. a4 f5 22. Qh6 Qf6 23. Qf4 Ne4 24. c4 Qd6 25. Qxd6 Nxd6 26. Nc3 dxc4 27. bxc4 Nxc4 28. d5 Nc5 29. Rdd1 f4 30. Nf1 cxd5 31. Rxd5 1/2-1/2

[Event "SRB-chT3 Liga Nord CS"]
[Site "Serbia"]
[Date "2011.09.11"]
[Round "1"]
[White "Stefanovic, Milan"]
[Black "Jovcic, Zoran"]
[Result "1/2-1/2"]
[WhiteElo "2046"]
[BlackElo "2084"]
[PlyCount "43"]
[EventDate "2011.09.11"]
[EventType "team"]
[EventRounds "11"]
[EventCountry "SRB"]
[SourceTitle "EXT 2015"]
[Source "ChessBase"]
[SourceDate "2014.11.20"]
[SourceVersion "1"]
[SourceVersionDate "2014.11.20"]
[SourceQuality "1"]

1. d4 Nf6 2. Nf3 d5 3. Bf4 e6 4. e3 Bd6 5. Nbd2 0-0 6. Bd3 c5 7. dxc5 Bxc5 8. 0-0 Nc6 9. c3 Bd6 10. Bxd6 Qxd6 11. h3 Rd8 12. Qe2 e5 13. e4 Nh5 14. exd5 Nf4 15. Qe4 f5 16. Qe3 Nxd3 17. dxc6 e4 18. Nd4 bxc6 19. f3 c5 20. fxe4 cxd4 21. Qxd3 dxc3 22. Qxc3 1/2-1/2

[Event "SRB-chT3 North"]
[Site "Kragujevac"]
[Date "2010.10.10"]
[Round "5"]
[White "Jovcic, Zoran"]
[Black "Ivanovic, Lazar"]
[Result "0-1"]
[WhiteElo "2098"]
[BlackElo "1858"]
[PlyCount "72"]
[EventDate "2010.09.12"]
[EventType "team"]
[EventRounds "11"]
[EventCountry "SRB"]
[SourceTitle "EXT 2012"]
[Source "ChessBase"]
[SourceDate "2011.11.24"]
[SourceVersion "1"]
[SourceVersionDate "2011.11.24"]
[SourceQuality "1"]

1. e4 c5 2. Nf3 d6 3. d4 cxd4 4. Nxd4 Nf6 5. Nc3 g6 6. Bc4 Bg7 7. f3 Nc6 8. Be3 Qb6 9. Ncb5 Qa5+ 10. Bd2 Qd8 11. Be3 0-0 12. Qd2 Bd7 13. 0-0-0 a6 14. Nc3 b5 15. Nxc6 Bxc6 16. Bd5 b4 17. Ne2 Bxd5 18. exd5 Qa5 19. Kb1 Rfc8 20. g4 Rc4 21. Nf4 Rac8 22. Rc1 Rxf4 23. Bxf4 Nxd5 24. c4 bxc3 25. bxc3 Rb8+ 26. Kc2 Qa4+ 27. Kd3 Nxf4+ 28. Ke3 Bh6 29. Qc2 Nh3+ 30. Ke2 Qc4+ 31. Kd1 Nf2+ 32. Qxf2 Qd3+ 33. Ke1 Bxc1 34. Qe2 Qxc3+ 35. Kf1 Rb2 36. Qxa6 Qxf3+ 0-1

[Event "SRB-chT3 North"]
[Site "Kragujevac"]
[Date "2010.09.12"]
[Round "1"]
[White "Jovcic, Zoran"]
[Black "Janjos, Slavisa"]
[Result "1/2-1/2"]
[WhiteElo "2098"]
[BlackElo "2154"]
[PlyCount "96"]
[EventDate "2010.09.12"]
[EventType "team"]
[EventRounds "11"]
[EventCountry "SRB"]
[SourceTitle "EXT 2012"]
[Source "ChessBase"]
[SourceDate "2011.11.24"]
[SourceVersion "1"]
[SourceVersionDate "2011.11.24"]
[SourceQuality "1"]

1. e4 e5 2. d4 exd4 3. Nf3 Nc6 4. c3 d5 5. exd5 Qxd5 6. cxd4 Bg4 7. Be2 Bb4+ 8. Nc3 Bxf3 9. Bxf3 Qc4 10. Bxc6+ bxc6 11. Qe2+ Qxe2+ 12. Kxe2 0-0-0 13. Be3 Ne7 14. Rhd1 Rhe8 15. Rd3 Nf5 16. Rad1 Bd6 17. g3 Kd7 18. Kf3 Rb8 19. b3 f6 20. Na4 Ne7 21. Rc1 Nd5 22. Bd2 Re6 23. Nc5+ Bxc5 24. Rxc5 Rb5 25. a4 Rxc5 26. dxc5 a6 27. Rd4 Re8 28. Rg4 Re7 29. h4 h5 30. Re4 Rxe4 31. Kxe4 Ke6 32. f3 f5+ 33. Kd4 Kf6 34. Bc1 Ke6 35. Bg5 g6 36. Be3 Kf6 37. Bh6 Ke6 38. Bg5 Nb4 39. Kc4 Nd5 40. b4 Ke5 41. Bd2 Ke6 42. Bc1 Ne7 43. Bd2 Nd5 44. Kd4 Ne7 45. Bf4 Nd5 46. Kc4 Nxf4 47. gxf4 Kd7 48. Kd4 Ke6 1/2-1/2

[Event "SRB-chT2 West"]
[Site "Serbia"]
[Date "2007.09.16"]
[Round "2.2"]
[White "Rancic, Zoran"]
[Black "Jovcic, Zoran"]
[Result "1-0"]
[WhiteElo "2182"]
[BlackElo "2170"]
[PlyCount "87"]
[EventDate "2007.09.09"]
[EventType "team"]
[EventRounds "11"]
[EventCountry "SRB"]
[SourceTitle "EXT 2012"]
[Source "ChessBase"]
[SourceDate "2011.11.24"]
[SourceVersion "1"]
[SourceVersionDate "2011.11.24"]
[SourceQuality "1"]
[WhiteTeam "Morava"]
[BlackTeam "Ljig Spartak"]
[WhiteTeamCountry "SRB"]
[BlackTeamCountry "SRB"]

1. d4 Nf6 2. c4 c5 3. d5 b5 4. cxb5 a6 5. bxa6 g6 6. Nc3 d6 7. e4 Bg7 8. Nf3 Bg4 9. Bb5+ Nfd7 10. Qa4 Bxf3 11. gxf3 Qc7 12. Bg5 f6 13. Bd2 0-0 14. Be2 Nxa6 15. f4 Nb4 16. Qd1 c4 17. Be3 f5 18. a3 Nd3+ 19. Bxd3 cxd3 20. Qxd3 fxe4 21. Nxe4 Bxb2 22. Ra2 Rfb8 23. 0-0 Nf6 24. Rb1 Nxe4 25. Qxe4 Bf6 26. Rxb8+ Qxb8 27. Rc2 Qb1+ 28. Kg2 Kg7 29. a4 Qd1 30. h3 Ra5 31. Bb6 Rxd5 32. a5 Rb5 33. Qe2 Qd5+ 34. Qf3 Qf5 35. Rc4 Rb1 36. Qe4 Qb5 37. Qc6 Qb3 38. Rc1 Rxc1 39. Qxc1 Qd5+ 40. Kh2 Qb5 41. Qd2 d5 42. Qe3 d4 43. Bxd4 Qf5 44. Qxe7+ 1-0

[Event "SRB-chT 1st League"]
[Site "Vrnjacka Banja"]
[Date "2006.10.27"]
[Round "9.3"]
[White "Tosic, Miroslav"]
[Black "Jovcic, Zoran"]
[Result "1/2-1/2"]
[WhiteElo "2442"]
[BlackElo "2172"]
[PlyCount "82"]
[EventDate "2006.09.09"]
[EventType "team"]
[EventRounds "11"]
[EventCountry "SRB"]
[SourceTitle "EXT 2012"]
[Source "ChessBase"]
[SourceDate "2011.11.24"]
[SourceVersion "1"]
[SourceVersionDate "2011.11.24"]
[SourceQuality "1"]
[WhiteTeam "Nis"]
[BlackTeam "Ljig Spartak"]
[WhiteTeamCountry "SRB"]
[BlackTeamCountry "SRB"]

1. d4 Nf6 2. c4 c5 3. d5 b5 4. cxb5 a6 5. b6 g6 6. Nc3 d6 7. Nf3 Qxb6 8. Nd2 Bg7 9. e4 0-0 10. a4 Nbd7 11. Be2 Rb8 12. 0-0 Ne8 13. f4 Nc7 14. Kh1 a5 15. Nc4 Qa7 16. Qe1 Nb6 17. Na3 Qb7 18. Bd2 Bd7 19. b3 Na6 20. Rb1 Nb4 21. Ncb5 Rbc8 22. Qh4 Bxb5 23. Bxb5 Bf6 24. Qg3 e6 25. e5 Bg7 26. dxe6 fxe6 27. exd6 Qd5 28. Rbd1 Qf5 29. Nc4 Nxc4 30. Bxc4 Rcd8 31. Be3 Nc6 32. Qe1 Kh8 33. Bd3 Qh5 34. Be2 Qf5 35. g4 Qc2 36. Rc1 Qxb3 37. Bxc5 Qxa4 38. Bc4 Nd4 39. Bd3 Nb3 40. Bc2 Qc6+ 41. Be4 Qa4 1/2-1/2

[Event "SRB-chT 1st League"]
[Site "Vrnjacka Banja"]
[Date "2006.09.16"]
[Round "2.2"]
[White "Jovcic, Zoran"]
[Black "Rabrenovic, Vladan"]
[Result "0-1"]
[WhiteElo "2172"]
[BlackElo "2320"]
[PlyCount "86"]
[EventDate "2006.09.09"]
[EventType "team"]
[EventRounds "11"]
[EventCountry "SRB"]
[SourceTitle "EXT 2012"]
[Source "ChessBase"]
[SourceDate "2011.11.24"]
[SourceVersion "1"]
[SourceVersionDate "2011.11.24"]
[SourceQuality "1"]
[WhiteTeam "Ljig Spartak"]
[BlackTeam "Gornji Milanovac Metalac"]
[WhiteTeamCountry "SRB"]
[BlackTeamCountry "SRB"]

1. e4 d6 2. d4 Nf6 3. Nc3 c6 4. f4 d5 5. e5 Ng8 6. Bd3 g6 7. Nf3 h5 8. h3 Nh6 9. Ne2 Bf5 10. c3 e6 11. Be3 h4 12. Bf2 Be7 13. Nc1 Bxd3 14. Nxd3 Nf5 15. a4 a5 16. Nh2 Nd7 17. Ng4 Rc8 18. Qe2 b6 19. b4 Kf8 20. 0-0 Kg7 21. Rfb1 Qc7 22. Rb3 Ra8 23. Qc2 Ra7 24. Rb2 Rc8 25. Qd2 Qb8 26. Qe1 Qa8 27. Rba2 c5 28. dxc5 bxc5 29. bxc5 Nxc5 30. Nxc5 Bxc5 31. Bxc5 Rxc5 32. Rb2 Rac7 33. Rb3 Rb7 34. Rab1 Rxb3 35. Rxb3 Rc4 36. Qf2 Rxa4 37. Rb1 Qc6 38. Nf6 Qxc3 39. Ne8+ Kf8 40. Qb6 Rb4 41. Rxb4 Qxb4 42. Qd8 Qe7 43. Qa8 Qxe8 0-1